00870nam a2200253 a 450000100060000000300080000600500170001400800410003102000240007202000250009603500190012104000350014004100080017508200250018310000220020824500990023026000370032930000350036649000280040150000960042950400390052565000240056483000280058869357BD-RjUL20211209081857.0170411s1974 gw 001 0 eng d a3540063293 (Berlin) a0387063293 (NewYork) a(BD-RjUL)69568 aBD-RjULbengcBD-RjULdBD-RjUL aeng 223a576.58bJAG 19241 aJacquard, Albert.14aThe genetic structure of populations /cAlbert Jauquard ; translated by D. and B. Charlesworth aBerlin :bSpringer-Verlag,c1974 axviii, 569 p. :bill. ;c24 cm1 aBiomathematics ;vvol.5 aTranslation of: Structures génétiques des populations, published by Masson, Paris, 1970 aIncludes bibliography: p.[553]-560 0aPopulation genetics 0aBiomathematics ;vvol.5